MAASAI MARA UNIVERSITY

LIBRARY CATALOGUE

Contact Us: +254 020 2685356/7 or 0774 057787

Box: 861-20500, NAROK, KENYA

Email: info@mmarau.ac.ke

Materials and processes in manufacturing / (Record no. 19424)

MARC details
000 -LEADER
fixed length control field 00836nam a22002777a 4500
003 - CONTROL NUMBER IDENTIFIER
control field OSt
005 - DATE AND TIME OF LATEST TRANSACTION
control field 20170518101301.0
008 - FIXED-LENGTH DATA ELEMENTS--GENERAL INFORMATION
fixed length control field 161008b xxu||||| |||| 00| 0 eng d
010 ## - LIBRARY OF CONGRESS CONTROL NUMBER
LC control number 88005155
020 ## - INTERNATIONAL STANDARD BOOK NUMBER
International Standard Book Number 0023286318
040 ## - CATALOGING SOURCE
Original cataloging agency MMU
Transcribing agency MMU
Modifying agency MMU
Language of cataloging eng
050 00 - LIBRARY OF CONGRESS CALL NUMBER
Classification number TS183
Item number .D4 1988
082 00 - DEWEY DECIMAL CLASSIFICATION NUMBER
Classification number 671
Edition number 19
100 1# - MAIN ENTRY--PERSONAL NAME
Personal name DeGarmo, E. Paul
Fuller form of name (Ernest Paul),
Dates associated with a name 1907-
245 10 - TITLE STATEMENT
Title Materials and processes in manufacturing /
Statement of responsibility, etc. E. Paul DeGarmo, J. Temple Black, Ronald A. Kohser.
250 ## - EDITION STATEMENT
Edition statement 7th ed.
260 ## - PUBLICATION, DISTRIBUTION, ETC. (IMPRINT)
Place of publication, distribution, etc. New York :
Name of publisher, distributor, etc. Macmillan Pub. Co.,
Date of publication, distribution, etc. c1988.
300 ## - PHYSICAL DESCRIPTION
Extent x, 1172 p. :
Other physical details ill. ;
Dimensions 25 cm.
500 ## - GENERAL NOTE
General note Includes index.
504 ## - BIBLIOGRAPHY, ETC. NOTE
Bibliography, etc Bibliography: p. 1151-1160.
650 #0 - SUBJECT ADDED ENTRY--TOPICAL TERM
Topical term or geographic name as entry element Manufacturing processes.
650 #0 - SUBJECT ADDED ENTRY--TOPICAL TERM
Topical term or geographic name as entry element Materials.
700 1# - ADDED ENTRY--PERSONAL NAME
Personal name Black, J. Temple.
700 1# - ADDED ENTRY--PERSONAL NAME
Personal name Kohser, Ronald A.
942 ## - ADDED ENTRY ELEMENTS (KOHA)
Source of classification or shelving scheme Library of Congress Classification
Koha item type L
Holdings
Withdrawn status Lost status Source of classification or shelving scheme Damaged status Not for loan Home library Current library Date acquired Source of acquisition Total Checkouts Full call number Barcode Date last seen Price effective from Koha item type
    Library of Congress Classification     Maasai Mara University Library -Main Campus Maasai Mara University Library -Main Campus 10/08/2016 Donation   TS183 .4 1988 17024199 10/08/2016 10/08/2016 L
© 2016 Maasai Mara University.